Music Quiz

Random Music or Missing Word Quiz

50 Hits to Click: 1988 Quiz Stats

 Plays Quiz Updated Nov 1, 2016

Challenge
Share
Tweet
Embed
Score 0/50 Timer 07:00
4 Plays Today
% Correct
Happy
92.9%
Sweet
92.7%
Mirror
92.2%
Deserve
92%
Hate
90.2%
More
89.8%
Simply
88.3%
Broken
87.6%
Bad
87.4%
Car
86.8%
Forever
86%
Mind
85.9%
Wanna
85.6%
You
84.9%
Cadillac
84.7%
West
81.3%
Groovy
79.8%
Heart
79.4%
Desires
79.2%
Name
78.9%
Rag
78.8%
Roll
76.5%
Parents
75.7%
Been
75.6%
Away
74.8%
% Correct
Cherry
74.3%
Time
74.2%
Control
72.6%
Harlem
72.6%
Prerogative
71.2%
Sensation
70.9%
Bites
70.8%
Sleep
70.4%
Personality
69.9%
Weak
69.7%
Naughty
63.7%
Paradise
60.3%
Deadly
60.1%
Town
59.7%
Nights
58.8%
Seasons
54.1%
Room
53.3%
Dark
52.7%
World
48.5%
Chains
47.8%
Fall
46.8%
Valley
40.3%
Girl
37.8%
Mercedes
29.9%
Beat
26.3%

You're not logged in!

Compare scores with friends on all Sporcle quizzes.
Join for Free
OR
Log In

You Might Also Like...

Show Comments

Extras

Top Quizzes Today


Score Distribution

Your Account Isn't Verified!

In order to create a playlist on Sporcle, you need to verify the email address you used during registration. Go to your Sporcle Settings to finish the process.

Report this User

Report this user for behavior that violates our Community Guidelines.

Details: